Sports Quiz

Random Sports or Basketball Quiz
Score 0/25 Timer 20:00
0 Plays Today
Answer % Correct
Anthony Davis
100%
Andre Drummond
89.7%
Bradley Beal
75.9%
Michael Carter-Williams
65.5%
Austin Rivers
58.6%
Cody Zeller
58.6%
Michael Kidd-Gilchrist
44.8%
Marquis Teague
41.4%
James Michael McAdoo
20.7%
Quincy Miller
20.7%
Kyle Wiltjer
20.7%
P.J. Hairston
13.8%
Nick Johnson
13.8%
Answer % Correct
Kentavious Caldwell-Pope
13.8%
Sir'Dominic 'Dom' Pointer
10.3%
LeBryan Nash
6.9%
Myck Kabongo
6.9%
Tony Wroten
6.9%
Adonis Thomas
3.4%
B.J. Young
3.4%
Dorian Finney-Smith
3.4%
Khem Birch
0%
Josiah Turner
0%
Rakeem Christmas
0%
Branden Dawson
0%
Remove Ads.
Support Sporcle.
Get the best of Sporcle when you Go Orange. This ad-free experience offers more features, more stats, and more fun while also helping to support Sporcle. Thank you for becoming a member.

You're not logged in!

Compare scores with friends on all Sporcle quizzes.
OR
Log In

Show Comments

Extras

Top Quizzes Today


Score Distribution

Your Account Isn't Verified!

In order to create a playlist on Sporcle, you need to verify the email address you used during registration. Go to your Sporcle Settings to finish the process.

Report this User

Report this user for behavior that violates our Community Guidelines.

Details: